| 000 | 00846nam a22002537a 4500 | ||
|---|---|---|---|
| 001 | 3891 | ||
| 003 | FISKH | ||
| 005 | 20240521151239.0 | ||
| 008 | 240521b cb ||||| |||| 00| 0 eng d | ||
| 040 |
_aFISK _beng _cFISK _dFISK |
||
| 050 | _aPT2673.E6827 | ||
| 082 | _a833.914 | ||
| 100 |
_aMercier Pascal _d1944-2023 |
||
| 245 |
_aPerlmann's silence / _cPascal Mercier |
||
| 260 |
_aLondon : _bAtlantic Books, _c2011 |
||
| 300 |
_a616 pages : _c18 cm |
||
| 505 | _aM | ||
| 520 | _aProminent linguist and widower Philipp Perlmann contemplates drastic measures when he faces exposure after plagiarizing a colleague's work for his keynote address at an important academic gathering in Genoa. | ||
| 521 | 8 |
_a910 _bLexile estimates |
|
| 521 | 8 |
_aM _bRaz-Plus |
|
| 700 | _aPascal Mercier | ||
| 942 |
_2ddc _cBK _n0 |
||
| 999 |
_c3891 _d3891 |
||